000 00638nam a22002417a 4500
001 34761
003 UA-OsUOA
005 20211019201319.0
007 ta
008 20051020b un ||||| |||| 00| 0 ukr d
040 _aUA-OsUOA
_brus
_cUA-OsUOA
_dUA-OsUOA
041 _arus
080 _a94(47+571)
090 _a94(47+571)
_bП16
100 _aПанкратова А. М.
245 _aПервая русская революция 1905-1907 гг.
250 _aизд. 2, доп.
260 _aМ.
_bПолиграфиздат
_c1951
300 _a244 с.
650 7 _a94 Історія
_2UDC
942 _cBK
_2udc
955 _a2
999 _c321194
_d321194